[Event "SV Letmathe 1 - SK Turm Emsdetten 2"]
[Site "NRW-Klasse, Gruppe 1 2010/201"]
[Date "2010.11.28"]
[Round "3.7"]
[White "Schudro, Vasili"]
[Black "Hunold, Rolf"]
[Result "1-0"]
[WhiteElo "2138"]
[BlackElo "1958"]
[PlyCount "173"]
[EventDate "2010.??.??"]

1. e4 c5 2. Nf3 e6 3. d4 cxd4 4. Nxd4 a6 5. c4 Nf6 6. Bd3 Qc7 7. O-O d6 8. Nc3
Be7 9. Kh1 Nc6 10. Nxc6 bxc6 11. Be3 Rb8 12. b3 Nd7 13. Rc1 Bf6 14. Bb1 c5 15.
f4 Bb7 16. Qd3 Rd8 17. Ne2 Be7 18. Ng3 h5 19. Ne2 Nf6 20. Nc3 h4 21. h3 Nh5 22.
Rfe1 Ng3+ 23. Kg1 Kf8 24. Bf2 Nh5 25. Qd2 Bf6 26. Bd3 Bd4 27. Ne2 Bxf2+ 28.
Kxf2 Nf6 29. Qe3 Nd7 30. Nc3 Rh6 31. Kg1 Rg6 32. Qf2 Rh6 33. Be2 Nb8 34. f5
exf5 35. Qxf5 Qd7 36. Qf4 Nc6 37. Bg4 Qe8 38. Nd5 Ne5 39. Rcd1 Bxd5 40. Rxd5
Qe7 41. Red1 Rf6 42. Qe3 Rg6 43. Qe2 Rg5 44. Qf2 Nxg4 45. Qxh4 f6 46. Rxg5 fxg5
47. Qxg4 Re8 48. Rd5 a5 49. Kh2 Qxe4 50. Qxe4 Rxe4 51. Rxd6 a4 52. Rd5 axb3 53.
axb3 Re3 54. Rxc5 g4 55. hxg4 Rxb3 56. Rc7 Kg8 57. g5 Kh7 58. Rc6 Rc3 59. g3
Re3 60. Kh3 Re4 61. Kg2 Rg4 62. g6+ Kh6 63. Kf3 Rd4 64. Ke3 Rg4 65. c5 Kg5 66.
Kd3 Kf5 67. Rd6 Ke5 68. Kc3 Ra4 69. Kb3 Rg4 70. Rd3 Rxg6 71. Kb4 Ke4 72. Rc3
Kd5 73. Kb5 Kd4 74. Rc4+ Kd5 75. g4 Rf6 76. c6 Rf1 77. c7 Rb1+ 78. Rb4 Rc1 79.
Kb6 Kd6 80. Rd4+ Ke5 81. Rd2 Kf4 82. Rd6 g5 83. Rc6 Rb1+ 84. Kc5 Rc1+ 85. Kd6
Rd1+ 86. Ke7 Re1+ 87. Kf7 1-0

[Event "SV Letmathe 1 - SK Turm Emsdetten 2"]
[Site "NRW-Klasse, Gruppe 1 2010/201"]
[Date "2010.11.28"]
[Round "3.8"]
[White "Pieczka, Reiner"]
[Black "Topp, Michael"]
[Result "0-1"]
[WhiteElo "1934"]
[BlackElo "1994"]
[PlyCount "60"]
[EventDate "2010.??.??"]

1. d4 Nf6 2. e3 e6 3. Bd3 c5 4. f4 Be7 5. Nf3 O-O 6. O-O d5 7. c3 b6 8. Ne5 Ba6
9. Bxa6 Nxa6 10. Nd2 Nc7 11. a4 Nce8 12. b4 Qc7 13. bxc5 bxc5 14. Ba3 c4 15.
Bxe7 Qxe7 16. a5 a6 17. Ra4 Qc7 18. Qa1 Nd6 19. Rb1 Nb5 20. Rab4 Nd7 21. Nxd7
Qxd7 22. Qa4 Qe7 23. Rc1 Rab8 24. Rbb1 f6 25. Ra1 e5 26. Nf1 exf4 27. exf4 Qe4
28. g3 Rfe8 29. Re1 Qf3 30. Qc2 Nxc3 0-1

[Event "LSV Turm Lippstadt 1 - SG Bochum 2"]
[Site "NRW-Klasse, Gruppe 1 2010/201"]
[Date "2010.11.28"]
[Round "3.1"]
[White "Jens, Jelmer"]
[Black "Wehmeier, Stefan"]
[Result "0-1"]
[WhiteElo "2366"]
[BlackElo "2445"]
[PlyCount "136"]
[EventDate "2010.??.??"]

1. e4 e5 2. Nf3 Nc6 3. Bb5 a6 4. Ba4 Nf6 5. O-O Be7 6. Re1 b5 7. Bb3 d6 8. c3
O-O 9. h3 Nb8 10. d4 Nbd7 11. Nbd2 Bb7 12. Bc2 Re8 13. Nf1 Bf8 14. Ng3 g6 15.
a4 c5 16. d5 c4 17. Bg5 h6 18. Be3 Qc7 19. Qd2 h5 20. Ra3 Nc5 21. Rea1 Rab8 22.
Qd1 Bc8 23. axb5 axb5 24. Nd2 Bd7 25. Ne2 Rb7 26. Nc1 b4 27. cxb4 Rxb4 28. Rc3
Rxb2 29. Rxc4 Bb5 30. Rc3 Qb7 31. Bxc5 dxc5 32. Ncb3 c4 33. Na5 Qc7 34. Ndxc4
Bb4 35. Qf3 Kg7 36. d6 Qc5 37. Nb3 Rxb3 38. Bxb3 Bxc3 39. Qxc3 Nxe4 40. Qe3
Qxe3 41. Nxe3 Nxd6 42. Ra7 h4 43. Nd5 Rb8 44. Ba2 Bc4 45. Rd7 Bxa2 46. Rxd6
Rb1+ 47. Kh2 Rd1 48. Nf6 Rxd6 49. Ne8+ Kf8 50. Nxd6 Ke7 51. Ne4 Bd5 52. Nc3 Kd6
53. Kg1 Kc5 54. f3 Kd4 55. Nd1 Bb3 56. Nf2 f5 57. Kf1 Ke3 58. Ke1 Bc2 59. Nh1
Bd3 60. Nf2 Be2 61. Nh1 e4 62. fxe4 fxe4 63. Nf2 Bh5 64. Nh1 g5 65. Nf2 Kd4 66.
Nh1 e3 67. Kf1 Kd3 68. Ke1 Bf7 0-1

[Event "LSV Turm Lippstadt 1 - SG Bochum 2"]
[Site "NRW-Klasse, Gruppe 1 2010/201"]
[Date "2010.11.28"]
[Round "3.2"]
[White "Matthias, Heiner"]
[Black "Dahm, Jochen"]
[Result "0-1"]
[WhiteElo "2351"]
[BlackElo "2341"]
[PlyCount "96"]
[EventDate "2010.??.??"]

1. Nf3 c5 2. b3 Nf6 3. Bb2 b6 4. g3 Bb7 5. Bg2 e6 6. c4 Be7 7. O-O O-O 8. Nc3
d6 9. Re1 Nbd7 10. e4 a6 11. d4 cxd4 12. Nxd4 Qc7 13. Qe2 Rac8 14. Rad1 Qb8 15.
f4 Rfd8 16. g4 g6 17. f5 e5 18. Nc2 b5 19. cxb5 axb5 20. Nb4 Rc5 21. Nd3 b4 22.
g5 Rxc3 23. gxf6 Nxf6 24. Bxc3 bxc3 25. fxg6 hxg6 26. Kh1 d5 27. exd5 e4 28.
Nf2 Kg7 29. Nxe4 Rh8 30. h3 Nxd5 31. Qc4 Rh5 32. Qd4+ Kg8 33. Nf2 Bf6 34. Qe4
Re5 35. Qf3 Rf5 36. Qe2 Re5 37. Qb5 c2 38. Rc1 Rxe1+ 39. Rxe1 Qf4 40. Nd3 Qg3
41. Rc1 Nf4 42. Qxb7 Nxd3 43. Qc8+ Kg7 44. Rf1 Nf2+ 45. Kg1 Bd4 46. Qc4 Nxh3+
47. Kh1 Nf2+ 48. Kg1 Qe3 0-1

[Event "LSV Turm Lippstadt 1 - SG Bochum 2"]
[Site "NRW-Klasse, Gruppe 1 2010/201"]
[Date "2010.11.28"]
[Round "3.3"]
[White "Schlawin, Marlon"]
[Black "Brenke, Andreas"]
[Result "1/2-1/2"]
[WhiteElo "2186"]
[BlackElo "2315"]
[PlyCount "36"]
[EventDate "2010.??.??"]

1. e4 c5 2. Nf3 d6 3. Bb5+ Nd7 4. d4 Ngf6 5. Nc3 cxd4 6. Qxd4 e5 7. Qd3 h6 8.
Be3 Be7 9. a4 O-O 10. h3 a6 11. Bc4 Qc7 12. O-O Nc5 13. Bxc5 Qxc5 14. Nd5 Nxd5
15. Bxd5 Rb8 16. Rfb1 Be6 17. b4 Qc7 18. c4 Rfc8 1/2-1/2

[Event "LSV Turm Lippstadt 1 - SG Bochum 2"]
[Site "NRW-Klasse, Gruppe 1 2010/201"]
[Date "2010.11.28"]
[Round "3.4"]
[White "Krallmann, Matthias"]
[Black "Kitte, Sebastian"]
[Result "1-0"]
[WhiteElo "2149"]
[BlackElo "2252"]
[Annotator ",Daniel"]
[PlyCount "95"]
[EventDate "2010.??.??"]

1. d4 Nf6 2. c4 e6 3. Nc3 Bb4 4. Qc2 O-O 5. a3 Bxc3+ 6. Qxc3 Ne4 7. Qc2 f5 8.
e3 b6 9. Ne2 Bb7 10. f3 Nf6 11. b3 d6 12. Bb2 Qe7 13. Nc3 c5 14. Rd1 Nc6 15.
Be2 Nh5 16. O-O f4 17. d5 Ne5 18. e4 Rf6 19. dxe6 Rxe6 20. Rf2 $11 Qh4 21. Nb5
Rd8 22. Bxe5 dxe5 23. Rxd8+ Qxd8 24. Bf1 a6 25. Rd2 Qh4 26. Nd6 Ng3 27. h3 Bc6
28. Nf5 Nxf5 29. exf5 Re8 30. Rd6 Ba8 31. Qf2 Qg5 32. Rxb6 e4 33. fxe4 Bxe4 34.
Re6 Rxe6 35. fxe6 f3 36. h4 Qf5 37. gxf3 Bc2 38. Qe3 Kf8 39. Kh2 Ke7 40. Bh3
Qh5 41. Qf4 Bxb3 42. Qc7+ Kf6 43. Qd8+ Kg6 44. Qd3+ Kf6 45. Qxb3 Qe5+ 46. f4
Qe2+ 47. Bg2 Qxe6 48. Qc3+ 1-0

[Event "LSV Turm Lippstadt 1 - SG Bochum 2"]
[Site "NRW-Klasse, Gruppe 1 2010/201"]
[Date "2010.11.28"]
[Round "3.5"]
[White "Tkachuk, Konstantyn"]
[Black "Fecke, Andreas"]
[Result "1/2-1/2"]
[WhiteElo "2166"]
[BlackElo "2076"]
[PlyCount "115"]
[EventDate "2010.??.??"]

1. e4 e5 2. Nf3 d6 3. d4 exd4 4. Nxd4 g6 5. c4 Bg7 6. Nc3 Nc6 7. Nxc6 bxc6 8.
Be3 Nf6 9. Be2 O-O 10. O-O Re8 11. f3 Qe7 12. Bf2 Nh5 13. Re1 Qg5 14. Bf1 Nf4
15. Kh1 Ne6 16. Be3 Qa5 17. Qd2 Ba6 18. Rac1 c5 19. Bh6 Nd4 20. Bxg7 Kxg7 21.
f4 Bb7 22. f5 Re5 23. Re3 Rae8 24. Rh3 h5 25. Bd3 f6 26. fxg6 Rg5 27. Rf1 Ree5
28. Rxf6 Kxf6 29. Nd5+ Bxd5 30. Qxa5 Bxe4 31. Bxe4 Rxe4 32. Rd3 Kxg6 33. h3 Re2
34. Rd2 Rgxg2 35. Rxe2 Rxe2 36. Qxc7 Nf5 37. Qxa7 Kg5 38. Qa3 Kf4 39. Qd3 Rxb2
40. Qf1+ Ke4 41. Qe1+ Kd3 42. Qd1+ Ke4 43. a4 Ne3 44. Qc1 Rc2 45. Qb1 Kf3 46.
a5 Rxc4 47. a6 Ra4 48. Qb7+ d5 49. Qf7+ Kg3 50. Qg7+ Kf2 51. a7 d4 52. Qf8+ Ke2
53. Qxc5 d3 54. Qxh5+ Kf2 55. Qf7+ Ke2 56. Qh5+ Kf2 57. Qf7+ Ke2 58. Qh5+
1/2-1/2

[Event "LSV Turm Lippstadt 1 - SG Bochum 2"]
[Site "NRW-Klasse, Gruppe 1 2010/201"]
[Date "2010.11.28"]
[Round "3.6"]
[White "Roemhild, Marcus"]
[Black "Werthebach, Felix"]
[Result "0-1"]
[WhiteElo "1997"]
[BlackElo "2136"]
[PlyCount "94"]
[EventDate "2010.??.??"]

1. e4 c5 2. Nc3 d6 3. f4 Nc6 4. Nf3 g6 5. Bb5 Bd7 6. Bc4 Bg7 7. d3 e6 8. O-O
Nge7 9. Qe1 Nd4 10. Nxd4 cxd4 11. Ne2 b5 12. Bb3 O-O 13. Bd2 a5 14. a4 b4 15.
Qf2 Qb6 16. Qh4 Rae8 17. g4 f5 18. Ng3 Kh8 19. Rae1 Bf6 20. Qh3 Qc5 21. Re2 Qc8
22. gxf5 exf5 23. e5 dxe5 24. fxe5 Bg7 25. Qh4 Qc5 26. Bh6 Nd5 27. Bxg7+ Kxg7
28. Qg5 h6 29. Qh4 Ne3 30. Rxe3 dxe3 31. d4 Qe7 32. Qf4 Qg5 33. h4 Qxf4 34.
Rxf4 g5 35. hxg5 hxg5 36. Rf1 f4 37. Ne4 f3 38. Nf6 f2+ 39. Kg2 Bh3+ 40. Kxh3
e2 41. Rxf2 e1=Q 42. Nxe8+ Rxe8 43. Rf7+ Kh8 44. Kg4 Qe4+ 45. Kxg5 Rg8+ 46. Kf6
Rg6+ 47. Ke7 Qb7+ 0-1

[Event "LSV Turm Lippstadt 1 - SG Bochum 2"]
[Site "NRW-Klasse, Gruppe 1 2010/201"]
[Date "2010.11.28"]
[Round "3.7"]
[White "Mazarov, Juergen"]
[Black "Grobbel, Rainer"]
[Result "1/2-1/2"]
[WhiteElo "2117"]
[BlackElo "2085"]
[PlyCount "121"]
[EventDate "2010.??.??"]

1. e4 c5 2. Nf3 d6 3. d4 cxd4 4. Nxd4 Nf6 5. Nc3 Nc6 6. Bg5 e6 7. Qd2 Be7 8.
O-O-O Nxd4 9. Qxd4 O-O 10. f4 Qa5 11. Kb1 Rd8 12. Be2 Bd7 13. Bf3 Bc6 14. Qf2
Rac8 15. Bh4 Rd7 16. Rhe1 Rcd8 17. g4 d5 18. e5 Ne8 19. Bxe7 Rxe7 20. Ne2 Nc7
21. Qh4 Red7 22. Nd4 Nb5 23. f5 Qb4 24. Nxb5 Bxb5 25. c3 Qf4 26. Qg3 Qxg3 27.
hxg3 d4 28. cxd4 Rxd4 29. Rxd4 Rxd4 30. f6 h6 31. Rc1 Bd3+ 32. Ka1 Be4 33. Bxe4
Rxe4 34. a3 Rxe5 35. Rc8+ Kh7 36. Rc7 gxf6 37. Rxf7+ Kg6 38. Rxb7 a5 39. Ra7
Rd5 40. Kb1 e5 41. Kc2 h5 42. gxh5+ Kxh5 43. b4 axb4 44. axb4 Kg4 45. Ra3 Rd8
46. Re3 Kf5 47. Kc3 e4 48. b5 Ke5 49. Kb4 Kd4 50. Re1 Rf8 51. b6 e3 52. Kb5 Kd3
53. Rd1+ Kc2 54. Ra1 e2 55. b7 Rb8 56. Kc6 Kd2 57. Kc7 Rxb7+ 58. Kxb7 e1=Q 59.
Rxe1 Kxe1 60. Kc6 Kf2 61. Kd5 1/2-1/2

[Event "LSV Turm Lippstadt 1 - SG Bochum 2"]
[Site "NRW-Klasse, Gruppe 1 2010/201"]
[Date "2010.11.28"]
[Round "3.8"]
[White "Chapman, Alan"]
[Black "Tkachuk, Sergij"]
[Result "1/2-1/2"]
[WhiteElo "1967"]
[BlackElo "2205"]
[PlyCount "83"]
[EventDate "2010.??.??"]

1. e4 c5 2. Nf3 d6 3. d4 cxd4 4. Nxd4 Nf6 5. Nc3 g6 6. f4 Nc6 7. Nb3 Bg7 8. Be2
O-O 9. Be3 a5 10. a4 Be6 11. O-O Qc8 12. h3 Rd8 13. g4 Nb4 14. Bb6 Rf8 15. Bd4
Bc4 16. g5 Bxe2 17. Nxe2 Nh5 18. Bxg7 Kxg7 19. f5 Qxc2 20. Qxc2 Nxc2 21. Rac1
Rfc8 22. Rfd1 b6 23. Nc3 Ne3 24. Rd3 Nc4 25. Nd5 Nxb2 26. Rxc8 Rxc8 27. Nxe7
Nxd3 28. f6+ Kf8 29. Nxc8 h6 30. h4 hxg5 31. hxg5 Nhf4 32. Nxb6 Nh3+ 33. Kf1
Nxg5 34. Nxa5 Nc5 35. Nac4 Ngxe4 36. a5 Nxf6 37. Nxd6 Ke7 38. Nbc4 Nfd7 39. Kf2
f5 40. a6 Nxa6 41. Nxf5+ gxf5 42. Ne3 1/2-1/2

[Event "SF Neuenkirchen 1 - SV Würselen 1"]
[Site "NRW-Klasse, Gruppe 1 2010/201"]
[Date "2010.11.28"]
[Round "3.1"]
[White "Budde, Vladimir"]
[Black "Muschik, Benedikt"]
[Result "1-0"]
[WhiteElo "2267"]
[BlackElo "2239"]
[PlyCount "97"]
[EventDate "2010.??.??"]

1. e4 b6 2. d4 Bb7 3. Nd2 e6 4. Ngf3 c5 5. c3 Nf6 6. Bd3 cxd4 7. cxd4 Be7 8. a3
Ba6 9. Bxa6 Nxa6 10. Qe2 Nc7 11. e5 Nfd5 12. Ne4 O-O 13. O-O h6 14. Bd2 Qc8 15.
Ng3 Qa6 16. Qe4 f5 17. exf6 Bxf6 18. Nh5 Ne8 19. Ne5 Rd8 20. Nxd7 Rxd7 21.
Qxe6+ Rdf7 22. Qxd5 Qe2 23. Bb4 Qxb2 24. Bxf8 Kxf8 25. Nxf6 Rxf6 26. a4 Rd6 27.
Qa8 Qxd4 28. Qxa7 Nf6 29. a5 bxa5 30. Qxd4 Rxd4 31. Rxa5 Kg8 32. Ra7 Kh7 33.
Re1 Rd5 34. h3 h5 35. Ree7 Rg5 36. g3 Ng8 37. Re6 Kh8 38. Kg2 Nf6 39. Rae7 Rg6
40. Re5 Kh7 41. f4 Kh6 42. Rg5 Kh7 43. Rxg6 Kxg6 44. Kf3 Nd5 45. Re5 Nf6 46.
Ra5 Kf7 47. g4 hxg4+ 48. hxg4 Kg8 49. f5 1-0

[Event "SF Neuenkirchen 1 - SV Würselen 1"]
[Site "NRW-Klasse, Gruppe 1 2010/201"]
[Date "2010.11.28"]
[Round "3.2"]
[White "Seegers, Hendrik"]
[Black "Cekro, Ekrem"]
[Result "1/2-1/2"]
[WhiteElo "2157"]
[BlackElo "2371"]
[PlyCount "66"]
[EventDate "2010.??.??"]

1. d4 Nf6 2. Nf3 b6 3. Bf4 Bb7 4. Nbd2 Nh5 5. Bg5 h6 6. Bh4 g5 7. Bg3 d6 8. e4
Bg7 9. c3 Nd7 10. Bc4 e6 11. Qe2 Qe7 12. Ba6 Bxa6 13. Qxa6 O-O 14. O-O f5 15.
exf5 exf5 16. h3 Ndf6 17. Rae1 Qf7 18. Re2 Nd5 19. Rfe1 Bf6 20. Qc4 Ndf4 21.
Qxf7+ Kxf7 22. Bxf4 Nxf4 23. Re3 b5 24. Kh2 h5 25. g3 Nd5 26. R3e2 g4 27. Nh4
Bxh4 28. gxh4 Rg8 29. b3 gxh3 30. Nf3 Rg2+ 31. Kh1 Nf4 32. Ng5+ Kf8 33. Re7 Nd3
1/2-1/2

[Event "SF Neuenkirchen 1 - SV Würselen 1"]
[Site "NRW-Klasse, Gruppe 1 2010/201"]
[Date "2010.11.28"]
[Round "3.3"]
[White "Goossens, Etienne"]
[Black "Wilde, Pierre"]
[Result "1/2-1/2"]
[WhiteElo "2214"]
[BlackElo "2215"]
[PlyCount "46"]
[EventDate "2010.??.??"]

1. d4 e6 2. c4 Nf6 3. Nc3 Bb4 4. Nf3 b6 5. Bg5 Bb7 6. e3 h6 7. Bh4 c5 8. Qc2
Be4 9. Qb3 Nc6 10. dxc5 bxc5 11. Be2 Rb8 12. Bg3 Rb6 13. O-O Ba5 14. Nb5 a6 15.
Bc7 Rxb5 16. cxb5 Bxc7 17. bxc6 Bxc6 18. Rac1 Ne4 19. Bxa6 g5 20. Bb7 Bxb7 21.
Qxb7 f5 22. Rfd1 g4 23. b4 gxf3 1/2-1/2

[Event "SF Neuenkirchen 1 - SV Würselen 1"]
[Site "NRW-Klasse, Gruppe 1 2010/201"]
[Date "2010.11.28"]
[Round "3.4"]
[White "Haves, Reinhard"]
[Black "Bogoevski, Jani"]
[Result "1-0"]
[WhiteElo "2161"]
[BlackElo "2158"]
[PlyCount "115"]
[EventDate "2010.??.??"]

1. d4 Nf6 2. Nf3 e6 3. g3 Be7 4. Bg2 O-O 5. c4 d5 6. O-O Nbd7 7. Qc2 c6 8. Rd1
b6 9. Nc3 Bb7 10. Ne5 Nxe5 11. dxe5 Ng4 12. cxd5 cxd5 13. Qa4 Nxe5 14. e4 Bc6
15. Qb3 d4 16. Nb5 Bc5 17. Nxd4 Bxd4 18. Be3 Bxe3 19. Rxd8 Bxf2+ 20. Kxf2 Rfxd8
21. Rd1 g5 22. h3 Kg7 23. Bf1 Kf6 24. Ke3 Rac8 25. Ba6 Rxd1 26. Qxd1 Re8 27. b3
Kg7 28. Qd6 Kf6 29. Be2 Re7 30. Qd8 Ng6 31. Bh5 e5 32. Bg4 Kg7 33. Bf5 Re8 34.
Qc7 Ne7 35. Bd7 Bxd7 36. Qxd7 Kf8 37. Qxa7 Ng6 38. Qxb6 h5 39. Qf6 h4 40. Qxg5
hxg3 41. Qxg3 Rd8 42. Qg5 Ra8 43. h4 Rxa2 44. h5 Nf4 45. Qxe5 Ng2+ 46. Kd3 Ne1+
47. Ke3 Ng2+ 48. Kf3 Ne1+ 49. Kg3 Rg2+ 50. Kh3 Kg8 51. b4 Rg1 52. Qc5 Rh1+ 53.
Kg3 Nd3 54. Qd4 Nc1 55. Qd2 Nb3 56. Qb2 Nc1 57. h6 f6 58. Kg2 1-0

[Event "SF Neuenkirchen 1 - SV Würselen 1"]
[Site "NRW-Klasse, Gruppe 1 2010/201"]
[Date "2010.11.28"]
[Round "3.5"]
[White "Andok, Claus Michael"]
[Black "Beckmann, Klaus"]
[Result "1/2-1/2"]
[WhiteElo "2082"]
[BlackElo "2172"]
[Annotator ",Daniel"]
[PlyCount "182"]
[EventDate "2010.??.??"]

1. d4 Nf6 2. Nf3 e6 3. e3 c5 4. Bd3 Nc6 5. c3 d5 6. Nbd2 Bd6 7. O-O O-O 8. dxc5
Bxc5 9. e4 h6 10. Qe2 Bb6 11. Nb3 dxe4 12. Bxe4 Nxe4 13. Qxe4 e5 14. Be3 Bxe3
15. Qxe3 Qc7 16. Rfe1 Re8 17. Nfd4 Bg4 18. Nb5 Qe7 19. f3 Be6 20. Nc5 $11 Bc4
21. a4 b6 22. Na3 Bd5 23. Ne4 Rad8 24. b4 Rd7 25. Rab1 Red8 26. Nf2 Ba2 27. Rb2
Be6 28. Nb1 f6 29. Nd2 Bf7 30. Nde4 Qe6 31. a5 Ne7 32. axb6 axb6 33. Qe2 Nd5
34. c4 Nf4 35. Qe3 Qxc4 36. Qxb6 f5 37. Ng3 Qc3 38. Rbb1 g6 39. Qc5 Qxc5 40.
bxc5 Rd5 41. Rbc1 Rc8 42. c6 Kg7 43. Nf1 Kf6 44. c7 Ne6 45. Ne3 Rd4 46. Rcd1
Rxd1 47. Rxd1 Nd4 48. Re1 Rxc7 49. Kf1 Nc2 50. Nxc2 Rxc2 51. Kg1 Bc4 52. Nd1
Rd2 53. Ne3 Be6 54. Nf1 Ra2 55. Ng3 h5 56. Nh1 g5 57. h3 h4 58. Nf2 Rd2 59. Re3
Ra2 60. Re1 Bc4 61. Nd1 Ra1 62. Kf2 Bb3 63. Nc3 Rxe1 64. Kxe1 Bc4 65. Kf2 Ke6
66. Nd1 Kd6 67. Ke3 Kc5 68. Nc3 Ba6 69. Na4+ Kb5 70. Nb2 Kb4 71. Nd1 Bf1 72.
Kf2 Bd3 73. Ne3 Kc5 74. Ke1 Kd4 75. Kf2 Bb1 76. Ke2 f4 77. Ng4 e4 78. fxe4 Bxe4
79. Kf2 Bf5 80. Nh2 Ke5 81. Nf3+ Kf6 82. Nh2 Kg6 83. Ke2 Kh5 84. Kf3 Bc8 85.
Kf2 g4 86. hxg4+ Bxg4 87. Kf1 Bd1 88. Kf2 Bc2 89. Kf3 h3 90. gxh3 Kh4 91. Kxf4
Kxh3 1/2-1/2

[Event "SF Neuenkirchen 1 - SV Würselen 1"]
[Site "NRW-Klasse, Gruppe 1 2010/201"]
[Date "2010.11.28"]
[Round "3.6"]
[White "Rieke, Theo"]
[Black "Heinichen, Nils"]
[Result "1/2-1/2"]
[WhiteElo "2066"]
[BlackElo "2034"]
[PlyCount "104"]
[EventDate "2010.??.??"]

1. Nf3 c5 2. e4 Nc6 3. d4 cxd4 4. Nxd4 e5 5. Nb5 d6 6. N1c3 a6 7. Na3 b5 8. Nd5
Nf6 9. Bg5 Be7 10. Bxf6 Bxf6 11. c3 O-O 12. Nc2 Bg5 13. Be2 Be6 14. a4 bxa4 15.
Rxa4 a5 16. O-O Kh8 17. Qd3 Rb8 18. b4 axb4 19. cxb4 f5 20. Bf3 Qd7 21. Rfa1
Qf7 22. Ra6 fxe4 23. Bxe4 Bxd5 24. Bxd5 Qxf2+ 25. Kh1 Nxb4 26. Nxb4 Rxb4 27.
Ra8 Rbf4 28. g3 Rxa8 29. Rxa8+ Rf8 30. Qf3 Qxf3+ 31. Bxf3 Rxa8 32. Bxa8 g6 33.
Kg2 Kg7 34. Kf3 Kf6 35. Ke4 Bd2 36. Bc6 Kg5 37. Bd7 Bb4 38. h4+ Kh5 39. Be6 Be1
40. Kf3 Kh6 41. Bd5 Kg7 42. Bc6 Kf6 43. Bd5 h6 44. Kg4 Bd2 45. Kf3 g5 46. h5
g4+ 47. Kxg4 Ke7 48. Kf5 Kd7 49. Ke4 Kc7 50. Kd3 Bg5 51. g4 Kb6 52. Kc4 Kc7
1/2-1/2

[Event "SF Neuenkirchen 1 - SV Würselen 1"]
[Site "NRW-Klasse, Gruppe 1 2010/201"]
[Date "2010.11.28"]
[Round "3.7"]
[White "Popielas, Hans"]
[Black "Essing, Arnold"]
[Result "0-1"]
[WhiteElo "1815"]
[BlackElo "2180"]
[PlyCount "128"]
[EventDate "2010.??.??"]

1. d4 d5 2. Nf3 Nf6 3. e3 g6 4. b3 Bg7 5. Bb2 O-O 6. Nbd2 c5 7. Be2 Nc6 8. O-O
Ne4 9. Ne5 cxd4 10. exd4 Qd6 11. Nxc6 bxc6 12. Nxe4 dxe4 13. Bc4 Qf4 14. Bc1
Qh4 15. Re1 Bf5 16. g3 Qf6 17. Be3 c5 18. c3 Rad8 19. Rc1 cxd4 20. cxd4 Qd6 21.
d5 Qa3 22. Bd4 Bxd4 23. Qxd4 e6 24. g4 Bxg4 25. Qxe4 Bf5 26. Qf3 exd5 27. Bxd5
Qxa2 28. Ra1 Qd2 29. Red1 Qg5+ 30. Qg3 Qe7 31. Qe3 Qxe3 32. fxe3 Rd7 33. Bc4
Rfd8 34. Rxd7 Rxd7 35. Ra2 Kg7 36. Kf2 Be4 37. Kg3 g5 38. Be2 f5 39. Bf3 Bxf3
40. Kxf3 Kf6 41. Ra6+ Ke5 42. Ra5+ Ke6 43. Ra6+ Kf7 44. Rh6 Kg7 45. Ra6 Rb7 46.
b4 Rxb4 47. Rxa7+ Kg6 48. Ra6+ Kh5 49. Rd6 Rb3 50. Kf2 Rb2+ 51. Kg3 Re2 52. Kf3
Rxh2 53. Rf6 g4+ 54. Kf4 Rf2+ 55. Kg3 Kg5 56. Rf7 Rf3+ 57. Kg2 Rxe3 58. Rxh7
Re2+ 59. Kf1 Ra2 60. Rb7 f4 61. Rb5+ Kh4 62. Rb4 Kg3 63. Rb3+ f3 64. Ke1 Kg2
0-1

[Event "SG Solingen 3 - Brackweder SK 1"]
[Site "NRW-Klasse, Gruppe 1 2010/201"]
[Date "2010.11.28"]
[Round "3.1"]
[White "Olyschlaeger, Richard"]
[Black "Balduan, Markus"]
[Result "0-1"]
[WhiteElo "1921"]
[BlackElo "2229"]
[PlyCount "90"]
[EventDate "2010.??.??"]

1. e4 c5 2. Nf3 g6 3. c3 Bg7 4. d4 cxd4 5. cxd4 d5 6. exd5 Nf6 7. Bb5+ Nbd7 8.
Nc3 O-O 9. Bg5 Nb6 10. O-O a6 11. Be2 Nbxd5 12. Ne5 Nxc3 13. bxc3 Ne4 14. Be3
Nxc3 15. Qd2 Nxe2+ 16. Qxe2 Be6 17. Rfb1 Bd5 18. a4 a5 19. Rb5 e6 20. Rc1 f6
21. Nc4 Bc6 22. Rbb1 Ra6 23. Na3 Qd5 24. f3 Bxa4 25. Rc5 Qd7 26. Nb5 Rb6 27.
Qc4 Bxb5 28. Rbxb5 Rxb5 29. Qxb5 Qxb5 30. Rxb5 Ra8 31. Rxb7 a4 32. Rb2 a3 33.
Ra2 Bf8 34. Bd2 Rb8 35. Bc3 Rb3 36. Ba1 Bb4 37. Kf2 f5 38. Ke2 f4 39. Rc2 Re3+
40. Kf2 Re1 41. Ra2 Rc1 42. Ke2 Kf7 43. Kd3 g5 44. Ke4 Ke7 45. d5 Rc4+ 0-1

[Event "SG Solingen 3 - Brackweder SK 1"]
[Site "NRW-Klasse, Gruppe 1 2010/201"]
[Date "2010.11.28"]
[Round "3.2"]
[White "Gupta, Milon"]
[Black "Ehrlich, Tim"]
[Result "1-0"]
[WhiteElo "2243"]
[BlackElo "1976"]
[PlyCount "85"]
[EventDate "2010.??.??"]

1. d4 d5 2. c4 e6 3. Nf3 c6 4. e3 Nf6 5. b3 Be7 6. Bb2 O-O 7. Nc3 b6 8. Bd3 Bb7
9. O-O Nbd7 10. Qc2 Qc7 11. Rfe1 h6 12. Rad1 Rac8 13. e4 dxe4 14. Nxe4 Nxe4 15.
Bxe4 Nf6 16. Bd3 c5 17. d5 exd5 18. Be5 Qc6 19. cxd5 Nxd5 20. Bh7+ Kh8 21. Be4
Rcd8 22. Qc1 Kg8 23. Rd2 Qc8 24. Bb1 Nf6 25. Rxd8 Bxd8 26. Qc2 g6 27. Qb2 Bxf3
28. gxf3 Re8 29. Rd1 Qc6 30. Kg2 Be7 31. Bf4 Bf8 32. Be5 Nh5 33. Be4 Qe6 34.
Bg3 Nf6 35. Bd3 Bg7 36. Bb5 Rf8 37. Rd6 Qe7 38. Qd2 h5 39. Bh4 Qe5 40. Bg3 Qe7
41. a4 Qb7 42. Qf4 Qe7 43. Bh4 1-0

[Event "SG Solingen 3 - Brackweder SK 1"]
[Site "NRW-Klasse, Gruppe 1 2010/201"]
[Date "2010.11.28"]
[Round "3.3"]
[White "Ruecker, Bastian"]
[Black "Auer, Martin"]
[Result "1/2-1/2"]
[WhiteElo "1747"]
[BlackElo "2236"]
[PlyCount "55"]
[EventDate "2010.??.??"]

1. d4 Nf6 2. Bg5 e6 3. e4 c5 4. Bxf6 Qxf6 5. c3 Qd8 6. Nf3 Be7 7. Nbd2 O-O 8.
Bd3 d5 9. exd5 Qxd5 10. Be4 Qd8 11. O-O Nd7 12. Nc4 Nf6 13. Bc2 b6 14. Re1 Bb7
15. Qd3 cxd4 16. Nxd4 Qd5 17. Ne3 Qa5 18. Qe2 Rad8 19. Nf3 Qh5 20. Nd4 Qc5 21.
Nef5 Bd6 22. Nxd6 Rxd6 23. Rad1 Rfd8 24. Nf3 g6 25. Rxd6 Rxd6 26. Rd1 Kg7 27.
Qe5 Qxe5 28. Nxe5 1/2-1/2

[Event "SG Solingen 3 - Brackweder SK 1"]
[Site "NRW-Klasse, Gruppe 1 2010/201"]
[Date "2010.11.28"]
[Round "3.4"]
[White "Scheffner, Axel"]
[Black "Spisla, Dominik"]
[Result "1-0"]
[WhiteElo "2254"]
[BlackElo "1834"]
[PlyCount "43"]
[EventDate "2010.??.??"]

1. d4 d5 2. Nf3 Nf6 3. c4 e6 4. Nc3 Be7 5. Bf4 c6 6. e3 O-O 7. h3 Nbd7 8. Rc1
Re8 9. Bd3 Nf8 10. Ne5 Ng6 11. Bg3 Bd6 12. f4 dxc4 13. Nxc4 b6 14. O-O Bb7 15.
Ne4 Bf8 16. Ne5 Nd5 17. Qh5 Be7 18. Nxf7 Kxf7 19. Qxh7 Nf8 20. Ng5+ Bxg5 21.
fxg5+ Nf6 22. g6+ 1-0

[Event "SG Solingen 3 - Brackweder SK 1"]
[Site "NRW-Klasse, Gruppe 1 2010/201"]
[Date "2010.11.28"]
[Round "3.4"]
[White "Willenberg, Max"]
[Black "Hubert, Ralf"]
[Result "0-1"]
[WhiteElo "1954"]
[BlackElo "2219"]
[PlyCount "80"]
[EventDate "2010.??.??"]

1. e4 c5 2. Nf3 d6 3. d4 cxd4 4. Nxd4 Nf6 5. Nc3 g6 6. Be3 Bg7 7. f3 O-O 8. Qd2
Nc6 9. Bc4 Bd7 10. O-O-O Qa5 11. h4 Rfc8 12. Bb3 Ne5 13. Kb1 Nc4 14. Bxc4 Rxc4
15. Nb3 Qc7 16. g4 Be6 17. Nb5 Qd7 18. N5d4 Rac8 19. h5 Bxg4 20. fxg4 Nxe4 21.
Qg2 d5 22. hxg6 hxg6 23. Bh6 Be5 24. Nf3 Bf6 25. g5 Bxb2 26. Kxb2 Rxc2+ 27.
Qxc2 Rxc2+ 28. Kxc2 Qc6+ 29. Kb2 Qc3+ 30. Kb1 Qxf3 31. Rhf1 Qg2 32. Rc1 Nc3+
33. Rxc3 Qxf1+ 34. Kb2 Qf5 35. Ka3 Qd7 36. Rd3 e5 37. Re3 e4 38. Kb2 Qe6 39.
Kc3 Qe5+ 40. Nd4 b5 0-1

[Event "SG Solingen 3 - Brackweder SK 1"]
[Site "NRW-Klasse, Gruppe 1 2010/201"]
[Date "2010.11.28"]
[Round "3.6"]
[White "Hobusch, Alexander"]
[Black "Husemann, Dirk"]
[Result "1-0"]
[WhiteElo "2170"]
[BlackElo "1979"]
[PlyCount "59"]
[EventDate "2010.??.??"]

1. d4 d5 2. Nf3 Nf6 3. c4 e6 4. Nc3 Nbd7 5. cxd5 exd5 6. Bg5 Be7 7. Qc2 O-O 8.
e3 c6 9. Bd3 Re8 10. h3 Nf8 11. O-O Ne4 12. Bf4 Nd6 13. Ne5 f6 14. Nf3 Be6 15.
Na4 Bf7 16. Rab1 Bg6 17. Bxd6 Bxd6 18. b4 Rc8 19. Nc5 Qe7 20. Qb3 Bxd3 21. Nxd3
Qf7 22. b5 cxb5 23. Qxb5 Rc2 24. a4 b6 25. Rfc1 Rec8 26. Rxc2 Rxc2 27. Rc1
Rxc1+ 28. Nxc1 Qb7 29. Ne2 Ng6 30. Nc3 1-0

[Event "SG Solingen 3 - Brackweder SK 1"]
[Site "NRW-Klasse, Gruppe 1 2010/201"]
[Date "2010.11.28"]
[Round "3.7"]
[White "Stephan, Gunther"]
[Black "Schockenbaeumer, Dirk"]
[Result "1/2-1/2"]
[WhiteElo "1952"]
[BlackElo "2109"]
[PlyCount "30"]
[EventDate "2010.??.??"]

1. d4 Nf6 2. Nf3 g6 3. Bg5 Bg7 4. Nbd2 d6 5. e4 O-O 6. Bd3 Nc6 7. c3 e5 8. d5
Ne7 9. O-O h6 10. Bxf6 Bxf6 11. Ne1 Bg5 12. Ndf3 Bf6 13. Nd2 Bg5 14. Ndf3 Bf6
15. Nd2 Bg5 1/2-1/2